Cartas do Marchal Cândido Mariano da Silva Rondon : (Record no. 1246)

MARC details
000 -LÍDER
Campo Fixo de Controle 00792nam a2200241 a 4500
001 - NÚMERO DE CONTROLE
Campo de Controle 1246
003 - IDENTIFICAÇÃO DO NÚMERO DE CONTROLE
Campo de Controle BR-CuiBMT
005 - DATA E HORA DA ÚLTIMA ATUALIZAÇÃO
Campo de Controle 20231201233002.0
008 - DADOS FIXOS
Dados Fixos 231129s2013 mtba 000 0 por d
020 ## - INTERNATIONAL STANDARD BOOK NUMBER
Nº do ISBN 9788577690831
040 ## - AGÊNCIA CATALOGADORA
Código da Agência Catalogadora BR-CuiBMT
Agência que transcreveu o registro BR-CuiBMT
080 ## - Nº DA CLASSIFICAÇÃO DECIMAL UNIVERSAL
Nº Class. CDU 94
Subd. Auxiliar Comum (817.2)
Nº edição CDU 2007
090 ## - NÚMERO DE CHAMADA
Nº classificação 94(817.2)
Cutter E18c
100 10 - ENTRADA PRINCIPAL -- AUTOR PESSOAL
Nome pessoal Echeverria, Ivan,
Datas associadas ao nome 1945-
245 10 - TÍTULO PRINCIPAL
Título principal Cartas do Marchal Cândido Mariano da Silva Rondon :
Subtítulo relíquias do telegrafista tocantins /
Indicação de responsabilidade Ivan Echeverria, Aecim Tocantins.
260 ## - PUBLICAÇÃO, DISTRIBUIÇÃO, ETC.
Local de publicação Cuiabá :
Editora KCM Editora,
Data 2013.
300 ## - DESCRIÇÃO FÍSICA
N. páginas ou volumes 288 p. :
Ilustrações il. ;
Dimensões 30 cm
504 ## - NOTA DE BIBLIOGRAFIA, ETC.
Nota de bibliografia Inclui bibliografia.
650 ## - ASSUNTO TÓPICO
Cabeçalho tópico ou nome geográfico Cartas
Subdivisão geral História
Subdivisão geográfica Mato grosso
650 ## - ASSUNTO TÓPICO
Cabeçalho tópico ou nome geográfico Marechal Cândido Rondon
Subdivisão geral História
Subdivisão geográfica Mato Grosso
700 1# - ENTRADA SECUNDÁRIA -- NOME PESSOAL
Nome pessoal Tocantins, Aecim,
Datas associadas ao nome 1923-
942 ## - ELEMENTOS DE ENTRADA ADICIONAIS (KOHA)
Fonte de classificação ou esquema de arquivamento Classificação Decimal Universal
Tipo de item do Koha Livros
Holdings
Estado: removido Estado: perdido Fonte de classificação ou esquema de arquivamento Estado: danificado Indisponível para empréstimo Localização permanente Localização atual Data de aquisição Total Checkouts Número de Chamada completo Código de barras Date last seen Número do exemplar Preço efetivo a partir de Tipo de item (Koha)
    Classificação Decimal Universal     Biblioteca da Escola Superior de Contas do TCE/MT Biblioteca da Escola Superior de Contas do TCE/MT 01/12/2023   94(817.2) E18c BIBTCEMT23120048 01/12/2023 Ex. 1 01/12/2023 Livros
    Classificação Decimal Universal     Biblioteca da Escola Superior de Contas do TCE/MT Biblioteca da Escola Superior de Contas do TCE/MT 01/12/2023   94(817.2) E18c BIBTCEMT23120049 01/12/2023 Ex. 2 01/12/2023 Livros

Powered by Koha